Teoría pedagógica: lecciones y lecturas

Gorde:
Xehetasun bibliografikoak
Egile nagusia: Ferrero, Juan José (Egilea)
Formatua: Liburua
Hizkuntza:gaztelania
Argitaratua: Bilbao Universidad de Deusto 1990
Gaiak:
Etiketak: Etiketa erantsi
Etiketarik gabe, Izan zaitez lehena erregistro honi etiketa jartzen!

MARC

LEADER 00000nam a2200000 a 4500
001 UCQ1022
003 CL-VaPUC
008 980703e19900000SP |||||||||||||||||spa|d
082 0 4 |a 370.1  |b FER  |2 21 
100 0 |a Ferrero, Juan José  |e author  |9 414531 
245 1 0 |a Teoría pedagógica: lecciones y lecturas 
300 |a 203 p 
942 |c BK 
945 |d 19980703 00:00:00  |a mvenant 
260 |a Bilbao  |b Universidad de Deusto  |c 1990 
650 0 |a Teoría de la educación   |9 309368 
650 0 |a Filosofía de la educación   |9 258384 
650 0 |a Pedagogía  |9 255351 
583 |a last modification  |c 19980703 00:00:00  |k Rodrigo Vera 
999 |c 272033  |d 272031 
952 |0 0  |1 0  |4 0  |6 370_100000000000000_FER_1990  |7 0  |8 A  |9 306862  |a BIBEDU  |b BIBEDU  |d 2019-11-20  |i 3440699  |o 370.1 FER 1990  |p 3440699  |r 2019-11-20  |w 2019-11-20  |y BK  |k BME